|
|
|
|
| LEADER |
00979aam a22003138a 4500 |
| 001 |
00031394 |
| 005 |
20171026081025.0 |
| 008 |
131206s2013 ||||||viesd |
| 020 |
# |
# |
|a 9786045003367
|
| 041 |
0 |
# |
|a vie
|
| 082 |
1 |
4 |
|a 394.109 597 177
|b V115H
|
| 100 |
1 |
# |
|a Tòng, Văn Hân
|
| 245 |
1 |
0 |
|a Văn hóa ẩm thực của người Thái Đen ở Điện Biên
|c Tòng Văn Hân
|
| 260 |
# |
# |
|b Văn hóa thông tin
|c 2013
|a Hà Nội
|
| 300 |
# |
# |
|b minh họa
|a 495 tr.
|c 21 cm.
|
| 500 |
# |
# |
|a ĐTTS ghi: Hội văn nghệ dân gian Việt Nam
|
| 653 |
# |
# |
|a Người Thái Đen
|
| 653 |
# |
# |
|a Việt Nam
|
| 653 |
# |
# |
|a Văn hóa dân gian
|
| 653 |
# |
# |
|a Điện Biên
|
| 653 |
# |
# |
|a Ẩm thực
|
| 852 |
# |
# |
|b Kho đọc
|j KD.0015035
|
| 852 |
# |
# |
|j KD.0015035
|
| 910 |
|
|
|d 06/12/2013
|
| 980 |
# |
# |
|a Trung tâm Học liệu Lê Vũ Hùng, Trường Đại học Đồng Tháp
|